000 00446nam a22001577a 4500
005 20251120162932.0
008 251120b |||||||| |||| 00| 0 eng d
020 _a979-8-88715-405-3
100 _aBROWN, ANDY S.
245 _aTHE ART OF TEXTILE DESIGNING
260 _aDUBLIN, OH
_bORYSON PRESS
_c2024
300 _aXII, 278P.
500 _aINCLUDES INDEX
650 _aI. TEXTLE DESIGN. II. TEXTIES-DESIGNS AND PATTERNS
942 _2lcc
_cBK
999 _c216241
_d216241